Paises que empiezan por la S - Estadísticas

Estadísticas generales
  • Esta prueba ha sido intentada 302 veces
  • La puntuación promedio es 16 de 20
Estadísticas de respuestas
Hint Respuesta % Correcto
Europa Suecia
96%
Europa Suiza
96%
Europa Serbia
89%
América del Sur Surinam
89%
África Sudán
88%
Europa San Marino
86%
África Somalia
86%
Asia Siria
84%
América del Norte Santa Lucía
83%
África Senegal
83%
África Sudán del Sur
82%
Asia Singapur
78%
Oceanía Samoa
76%
África Santo Tomé y Príncipe
76%
América del Norte San Vicente y las Granadinas
76%
África Sudáfrica
76%
América del Norte San Cristóbal y Nieves
74%
África Seychelles
72%
Asia Sri Lanka
72%
África Sierra Leona
63%
No se encontraron pruebas coincidentes
Distribución de puntuación
Porcentaje de gente con cada puntuación
Porcentaje por número respondido
Historial de tus puntuaciones
No has intentado esta prueba.